VÝSLEDKY VYUŽITIA PROGRAMU GOOGLE EARTH PRI ARCHEOLOGICKEJ PROSPEKCII VÝCHODOSLOVENSKEJ NÍŽINY A ZAKARPATSKEJ OBLASTI UKRAJINY

Bibliographic Details
Main Authors: Vizdal, Marek (Author), Vizdal, Marián (Author)
Format: Article
Language:Slovak
Subjects:

MARC

LEADER 00000nab a2200000uu 4500
001 vtls011494573
003 SK-MaSNL
005 20260303182832.0
008 230121|2008 xo |||||||||||||||||slo|
015 |a SNBRB 
035 |a (urnnbn)urn:nbn:sk:snk:ar-a09su6 
035 |a (uuid)3edf95a8-5653-48ea-8400-1b61734d1f90 
035 |a urn:nbn:sk:snk-abditd 
040 |a SNKBUCL  |b slo  |c SNKBUCL  |e AACR2 
041 0 |a slo 
044 |a xo  |c SK 
100 1 |a Vizdal, Marek  |4 aut  |9 1120314 
245 1 0 |a VÝSLEDKY VYUŽITIA PROGRAMU GOOGLE EARTH PRI ARCHEOLOGICKEJ PROSPEKCII VÝCHODOSLOVENSKEJ NÍŽINY A ZAKARPATSKEJ OBLASTI UKRAJINY  |c Marián Vizdal, Marek Vizdal 
246 3 |a The Efficiency Results of the Google Earth Application for the Archaeological Prospection of Eastern Slovak Lowland and the Transcarpathian Ukraine 
650 0 7 |a archeologická prospekcia  |2 SNKPH  |9 98094 
651 7 |a Východoslovenská nížina (Slovensko)  |2 SNKPHgeo  |9 19595 
651 7 |a Zakarpatská Ukrajina  |2 SNKPHgeo  |9 55422 
655 7 |a štúdie  |2 SNKPH  |9 57033 
700 1 |a Vizdal, Marián  |4 aut  |9 825531 
773 0 |t Annales historici Presovienses  |g Roč. 8, č. 1 (2008), s. 9-25 
954 |a odborná, vedecká literatúra pôvodná (slovenská)  |2 lita 
958 |a OND 
958 |a EUIPO 
958 |a article18 
999 |c 2118311  |d 2120241